| 000 | 01262nam a22003134a 4500 | ||
|---|---|---|---|
| 001 | ebr10161454 | ||
| 003 | CaPaEBR | ||
| 006 | m u | ||
| 007 | cr cn||||||||| | ||
| 008 | 070228s2006 dk ab sb 000 0 eng | ||
| 010 | _z 2007387263 | ||
| 020 | _z9289021810 | ||
| 040 |
_aCaPaEBR _cCaPaEBR |
||
| 035 | _a(OCoLC)182530107 | ||
| 050 | 1 | 4 |
_aRA566.7 _b.E39 2006eb |
| 082 | 0 | 4 |
_a362.1/042 _222 |
| 100 | 1 | _aEdwards, Peggy. | |
| 245 | 1 | 0 |
_aPromoting physical activity and active living in urban environments _h[electronic resource] : _bthe role of local governments / _cPeggy Edwards and Agis Tsouros. |
| 260 |
_aCopenhagen : _bWHO Regional Office for Europe, _cc 2006. |
||
| 300 |
_ax, 54 p. : _bcol. ill., col. maps. |
||
| 504 | _aIncludes bibliographical references (p. 41-48). | ||
| 533 |
_aElectronic reproduction. _bPalo Alto, Calif. : _cebrary, _d2013. _nAvailable via World Wide Web. _nAccess may be limited to ebrary affiliated libraries. |
||
| 650 | 0 | _aPhysical fitness. | |
| 650 | 0 | _aUrban health. | |
| 655 | 7 |
_aElectronic books. _2local |
|
| 700 | 1 | _aTsouros, Agis D. | |
| 710 | 2 | _aebrary, Inc. | |
| 856 | 4 | 0 |
_uhttp://site.ebrary.com/lib/rucke/Doc?id=10161454 _zAn electronic book accessible through the World Wide Web; click to view |
| 999 |
_c242870 _d242870 |
||